Les films se déroulant dans la forêt - Statistiques

Statistiques générales
  • Ce quiz a été pris 315 fois
  • Le résultat moyen est 13 sur 20
Statistiques - réponses
Par images Réponse % Correct
Bambi
100%
Avatar
99%
Le Livre de la Jungle
96%
Tarzan
96%
Robin des bois
93%
Star Wars VI : Le Retour du Jedi
93%
King Kong
92%
Twilight I : Fascination
92%
Jumanji
89%
Le Seigneur des anneaux : La Communauté de l'anneau
80%
The Revenant
72%
Princesse Mononoké
66%
Kuzco, l'empereur mégalo
56%
Le Projet Blair Witch
44%
Deux Frères
37%
Sleepy Hollow
36%
Les rebelles de la forêt
28%
La cabane dans les bois
9%
The Lobster
9%
La loi de la jungle
1%
Aucun quiz correspondant
Distribution des résultats
% des personnes avec chaque résultat
Percentile par nombre de réponses
Votre historique - résultats
Vous n’avez pas pris ce quiz